000 00576nam a2200229Ia 4500
003 OSt
005 20220918182751.0
006 a|||||r|||| 00| 0
007 ta
008 220917b |||||||| |||| 00| 0 eng d
024 _a34,333
037 _cTextual
040 _aARTS
_cARTS
_beng
041 _2eng
_aeng
082 _aO151,2D91,11, 111K0
100 _aRajasekhara
_911075
245 0 _aKarpura manjari
260 _c1960
650 _aSANSKRIT LITERATURE
942 _hO151,2D91,11, 111K0
_cTEXL
_2CC
999 _c170278
_d170278